| 000 | 01382nam a2200301 i 4500 | ||
|---|---|---|---|
| 003 | IT-RoINE | ||
| 005 | 20180918061022.0 | ||
| 008 | 830728s1982 it |r 110|||eng|d | ||
| 020 | _a8800851398 | ||
| 040 |
_aDLC _cDLC IT-RoINE _dDLC _dIT-RoINE |
||
| 041 | 0 |
_aeng _afre _aita |
|
| 245 | 0 | 4 |
_aThe Common Christian roots of the European Nations : _ban international colloquium in the Vatican / _cPontifical Lateran University ; Catholic University of Lublin. |
| 260 |
_aFlorence : _bLe Monnier, _cc1982. |
||
| 300 |
_a2 v. ; _c21 cm. |
||
| 336 |
_2rdacontent _atext |
||
| 337 |
_2rdamedia _aunmediated |
||
| 338 |
_2rdacarrier _avolume |
||
| 500 | _aActas del Coloquio internacional sobre las raíces cristianas comunes de las naciones europeas. | ||
| 504 | _aIncluye referencias bibliográficas en notas al final de cada capítulo. | ||
| 505 | 0 | _aV. 1. General Sessions -- V. 2. Written contributions to the twelve carrefours. | |
| 546 | _aTextos en francés, inglés e italiano. | ||
| 650 |
_aCristianismo _zEuropa _vCongresos _951675 |
||
| 651 | 4 |
_aEuropa _xCivilización _vCongresos _951676 |
|
| 710 | 2 |
_aKatolicki Uniwersytet Lubelski (Lublin, Polonia) _951677 |
|
| 711 | 2 |
_aInternational Colloquium on the Common Christian Roots of the European Nations _d(1981. _cRoma, Italia) _951679 |
|
| 710 | 2 |
_951678 _aPontificia Università Lateranense (Vaticano) |
|
| 942 | _cMTS | ||
| 999 |
_c26091 _d26091 |
||